000 00781na a2200217 4500
001 17863
003 MIRAKIL
005 20181213155026.0
008 161107b tu 000 0
040 _aMilas
_btur
_cTR-AnCHP
041 _atur
082 _a338.6046
_bÖ93 1998
090 _a338.6046 Ö93 1998
245 _aÖzelleştirmeye karşı sosyal devleti koruma komisyonunun Türk-İş başkanlar kuruluna sunduğu özelleştirmeye karşı sosyal devleti koruma raporu
_cTürk-İş
246 _aÖzelleştirmeye karşı sosyal devleti koruma raporu
260 _aAnkara
_bTürk-İş
_c1998
300 _a249 s.
_btbl.
_c29 sm.
650 _aÖzelleştirme
_xRaporlar
_zTürkiye
710 _aTürkiye İşçi Sendikaları Konfederasyonu (Türk-İş)
942 _2ddc
_cBKS
999 _c5047
_d5047